LEADER 01722nam 2200529 450 001 9910493671003321 005 20210225090606.0 010 $a84-1324-880-9 035 $a(CKB)4100000011492190 035 $a(MiAaPQ)EBC6484162 035 $a(Au-PeEL)EBL6484162 035 $a(OCoLC)1199126127 035 $a(MiAaPQ)EBC6777561 035 $a(EXLCZ)994100000011492190 100 $a20210225d2020 uy 0 101 0 $aspa 135 $aurcnu|||||||| 181 $ctxt$2rdacontent 182 $cc$2rdamedia 183 $acr$2rdacarrier 200 10$aAtencio?n en la pra?ctica a las personas con necesidad de oportunidades /$fMari?a Elena Nieto-Cabrera, Mari?a Josefa Va?zquez-Ferna?ndez, Concepcion Nieto-Morales. coordinadoras 210 1$aMadrid :$cDykinson,$d2020. 215 $a1 online resource (349 pages) 606 $aMarginality, Social 606 $aCommunity education 606 $aSocial work 606 $aMarginalidad social 606 $aEducacio?n comunitaria 606 $aTrabajo social 608 $aLibros electronicos. 615 0$aMarginality, Social. 615 0$aCommunity education. 615 0$aSocial work. 615 4$aMarginalidad social. 615 4$aEducacio?n comunitaria. 615 4$aTrabajo social. 676 $a305.56 700 $a; - Coordinador; - Coordinador$0940310 702 $aNieto Morales$b Concepcio?n 702 $aVa?zquez Ferna?ndez$b Mari?a Josefa 702 $aNieto Cabrera$b Mari?a Elena 801 0$bFINmELB 801 1$bFINmELB 906 $aBOOK 912 $a9910493671003321 996 $aAtencio?n en la pra?ctica a las personas con necesidad de oportunidades$92120376 997 $aUNINA LEADER 01206nam0 22002771i 450 001 UON00417823 005 20231205104809.100 100 $a20130207d1925 |0itac50 ba 101 $agot 102 $aDE 105 $a|||| 1|||| 200 1 $aˆDie ‰schönsten Sagen des klassischen Altertums. 3. / nach seinen Dichtern und Erzählern von Gustav Schwab 205 $aGütersloh : Druck und Verlag von L. Bertelsmann$b1925 210 $a318 p., [8] c. di tav.$cill. ; 20 cm 215 $aMit 65 Abbildungen$dJubiläums-Ausgabe 200. Tausend. 606 $aLetteratura tedesca$xSec. 18.-19.$3UONC061938$2FI 620 $aDE$dGütersloh$3UONL001433 676 $a830.6$cLetteratura tedesca. Periodo classico, 1750-1830$v21 700 1$aSCHWAB$bGustav$3UONV166964$0203519 712 $aBertelsmann$3UONV266518$4650 801 $aIT$bSOL$c20251003$gRICA 899 $aSIBA - SISTEMA BIBLIOTECARIO DI ATENEO$2UONSI 912 $aUON00417823 950 $aSIBA - SISTEMA BIBLIOTECARIO DI ATENEO$dSI TED 22 I SCHW 1 b $eSI ST 3838/2 5 1 b $sBuono 996 $aSchönsten Sagen des klassischen Altertums. 3$91340623 997 $aUNIOR